000 00362nam a2200145Ia 4500
008 230917s9999||||xx |||||||||||||| ||und||
040 _e134204
_aMAIN
041 _aEnglish
082 _a658.8 C914F
100 _aCundiff, Edward W
245 0 _aFundamentals of moder marketing
260 _aNew Delhi
_bPrentice- Hall
_c1985
300 _a482p p.
942 _cBK
999 _c59070
_d59070